It looks like you're offline.
Open Library logo
additional options menu

MARC record from Internet Archive

LEADER: 03664cam 2200757 a 4500
001 ocm18747737
003 OCoLC
005 20180531005606.0
008 881028s1989 enka b 001 0 eng
010 $a 88039168
040 $aDLC$beng$cDLC$dEL$$dMUQ$dNLGGC$dBTCTA$dYDXCP$dBAKER$dOCLCG$dZZAND$dZWZ$dOCLCO$dOCLCF$dCQ$$dOCLCQ$dUKMGB$dWIC$dOCLCQ$dZ5A$dIPL$dOCLCQ$dCSJ$dNLC$dOCLCO$dDHA$dOCLCQ$dOCLCO$dOCLCQ$dOCLCO
016 7 $a009775522$2Uk
016 $a(AMICUS)000008449305
019 $a318246583$a988507781$a1008380431
020 $a0408500247
020 $a9780408500241
020 $a0750615141
020 $a9780750615143
035 $a(OCoLC)18747737$z(OCoLC)318246583$z(OCoLC)988507781$z(OCoLC)1008380431
050 00 $aZ679$b.T53 1989
082 00 $a727/.8$219
084 $a022$2z
084 $acoll1$2local/lacc
084 $acoll1$2lacc
100 1 $aThompson, Godfrey,$d1921-
245 10 $aPlanning and design of library buildings /$cGodfrey Thompson.
246 3 $aLibrary buildings
250 $a3rd ed.
260 $aLondon :$bButterworth Architecture,$c℗♭1989.
300 $avii, 224 pages :$billustrations ;$c31 cm.
336 $atext$btxt$2rdacontent
337 $aunmediated$bn$2rdamedia
338 $avolume$bnc$2rdacarrier
490 1 $aButterworth Architecture library of planning and design
504 $aIncludes bibliographical references (pages 217-220).
530 $aAlso issued online.
505 00 $tPreface to the third edition --$tPhoto credits --$g1.$tLibraries --$g2.$tLibraries of the future --$g3.$tBegin at the beginning --$g4.$tPrimary brief --$g5.$tPrimary brief (continued) --$g6.$tFeasibility study --$g7.$tTowards a feasibility report --$g8.$tSecondary brief --$g9.$tThe rest of the programme of action --$g10.$tPhysical conditions --$g11.$tLighting --$g12.$tSecurity and protection --$g13.$tLayouts and critical sizes: shelving --$g14.$tLayouts and critical sizes: compact shelving and non-book materials --$g15.$tReading and reader service areas --$g16.$tOther areas --$g17.$tInteriors: furniture, fittings and floors --$g18.$tExtensions and conversions --$g19.$tPublished standards --$tAppendix: metric equivalents of use to librarians --$tReferences --$tBibliography --$tIndex.
650 0 $aLibrary architecture.
650 7 $aLibrary architecture.$2fast$0(OCoLC)fst00997633
650 17 $aBibliotheekgebouwen.$2gtt
650 7 $aBibliothe ques (e difices)$xConception et construction.$2ram
650 7 $aBibliothe ques$xAppareils et mate riel.$2ram
650 6 $aBibliothe ques$xArchitecture.
650 6 $aBibliothe ques (E difices)
650 6 $aBibliothe ques$xPlanification.
650 2 $aFacility Design and Construction.
653 0 $aLibrary architecture
653 0 $aLibrary buildings
653 0 $aLibrary planning
776 08 $iOnline version:$aThompson, Godfrey, 1921-$tPlanning and design of library buildings.$b3rd ed.$dLondon : Butterworth Architecture, ℗♭1989$w(OCoLC)645301978
830 0 $aButterworth Architecture library of planning and design.
938 $aBaker & Taylor$bBKTY$c179.95$d179.95$i0750615141$n0001530747$sactive
938 $aBaker and Taylor$bBTCP$n88039168 //r93$c℗Đ65.00
938 $aYBP Library Services$bYANK$n368520
029 1 $aAU@$b000006094923
029 1 $aAU@$b000048878720
029 1 $aAU@$b000053694242
029 1 $aAU@$b000053958621
029 1 $aHEBIS$b011432217
029 1 $aNZ1$b228078
029 1 $aNZ1$b3662646
029 1 $aNZ1$b3846222
029 1 $aYDXCP$b368520
029 1 $aNLC$b000008449305
994 $aZ0$bPMR
948 $hNO HOLDINGS IN PMR - 436 OTHER HOLDINGS